Statistiques concernant L'armée romaine #3

Cliquez ici pour prendre le quiz!

Statistiques générales

  • Ce quiz a été pris 66 fois
  • Le résultat moyen est 7 sur 15

Statistiques - réponses

QuestionRéponse% Correct
Quel peuple n'a jamais affronté Rome?Les Naganos
78%
Quel animal n'a jamais été utilisé par l'armée romaine pour combattre?Le tigre
75%
Combien de centuries composaient une légion?60
69%
Quelle frontière romaine est aujourd'hui conservée dans la géopolitique mondiale?Ecosse-Angleterre
69%
Combien de flèches pouvait tirer un scorpion classique à la minute?5 à 6
53%
Qu'est-ce qu'une plumbata?Une arme de jet ressemblant à une fléchette
51%
En quelle année a eu lieu la bataille des Champs Catalauniques?451 ap. J.-C.
49%
Quel personnage n'est pas vu comme un résistant à Rome et son armée?Scaevola
49%
Combien y a t-il de légions dans l'Empire sous Septime Sévère?40
41%
Comment s'appelle la hache de travail du soldat romain?La dolabra
39%
Laquelle de ces affirmations est fausse?Le glaive disparaît durant l'antiquité tardive
39%
Quel limes compte le plus de troupes au IIème siècle?Danube
35%
Quel général a volé la victoire militaire sur Spartacus en se déclarant au Sénat vainqueur de la bataille finale?Pompée
33%
Quelle bataille n'a pas opposé d'armée romaine à un adversaire?Bataille de l'Hydaspe
29%
Sur quelle côté du Nil et où César engage t-il Ptolémée XIII lors de la Bataille du Nil?Rive gauche sur une colline
29%

Distribution des résultats

Percentile par nombre de réponses

% des personnes avec chaque résultat

Votre développement - résultats

Vous n’avez pas pris ce quiz